Antecedentes aragoneses de los juicios de amparo
Zapisane w:
| 1. autor: | |
|---|---|
| Format: | Książka |
| Język: | hiszpański |
| Wydane: |
Ciudad de México
Universidad Nacional Autónoma de México
1971
|
| Seria: | Estudios Históricos, 4
|
| Hasła przedmiotowe: | |
| Etykiety: |
Dodaj etykietę
Nie ma etykietki, Dołącz pierwszą etykiete!
|
MARC
| LEADER | 00000nam a2200000 a 4500 | ||
|---|---|---|---|
| 001 | UCR2550 | ||
| 003 | CL-VaPUC | ||
| 008 | 980112e19710000MX |||||||||||||||||spa|d | ||
| 082 | 0 | 4 | |a 349.46 |b FAI |2 21 |
| 100 | |a Fairén Guillén, Víctor |e author |9 618412 | ||
| 245 | 1 | 0 | |a Antecedentes aragoneses de los juicios de amparo |
| 300 | |a 109 p | ||
| 942 | |c BK | ||
| 945 | |d 19980112 00:00:00 |a crobeson | ||
| 260 | |a Ciudad de México |b Universidad Nacional Autónoma de México |c 1971 | ||
| 650 | 0 | |a Derecho español |9 255291 | |
| 650 | 0 | |a Derecho procesal penal |9 255496 | |
| 650 | 7 | |a MONARQUIA ESPAÑOLA |2 CL-VaPUC |9 400468 | |
| 651 | 0 | |a España |9 254926 | |
| 651 | 0 | |a Aragón |9 323383 | |
| 583 | |a last modification |c 19980112 00:00:00 |k Rodrigo Vera | ||
| 490 | 0 | |a Estudios Históricos, 4 | |
| 999 | |c 265684 |d 265682 | ||
| 952 | |0 0 |1 0 |4 0 |6 349_460000000000000_FAI_1971 |7 0 |8 DER_HIS |9 296701 |a BIBDER |b BIBDER |d 2019-11-20 |i 1924451 |o 349.46 FAI 1971 |p 1924451 |r 2023-01-25 |w 2019-11-20 |x Ubicación 4to Piso |y BK |z Estos recursos deben solicitarse con anticipación |k DER | ||